| 000 | 00770nam a22002177a 4500 | ||
|---|---|---|---|
| 005 | 20161129124926.0 | ||
| 010 | _aENG-116697 | ||
| 020 |
_a9788184845242 _c1280.00 |
||
| 035 | _aEN-100229 | ||
| 037 | _bDBAD/PUB | ||
| 082 | _a338.954 | ||
| 245 |
_aIndian economy : a visionary perspective : _cedited by John Felix Raj, Samrat Roy [and] Koushik Kumar Hati _bessays in honour of sesquicentenary of St. Xavier's College (Autonomous), Kolkata / |
||
| 260 |
_aNew Delhi _bRegal Publications _c2016 |
||
| 270 |
_aF-159 Rajouri Garden _bNew Delhi _e110027 |
||
| 300 |
_ax,280p. : _c23cm(Hb) _bill |
||
| 500 | _aIncludes index | ||
| 700 | _aJohn Felix Raj | ||
| 700 | _a Roy, Samrat | ||
| 700 | _aHati, Koushik Kumar | ||
| 942 |
_2ddc _cEN _h338.954 _mIND |
||
| 999 |
_c104824 _d104824 |
||